The power of ethical management

में बचाया:
ग्रंथसूची विवरण
मुख्य लेखक: Blanchard, Kenneth
स्वरूप: पुस्तक
भाषा:Undetermined
प्रकाशित: New York W. Morrow 1988
विषय:
टैग : टैग जोड़ें
कोई टैग नहीं, इस रिकॉर्ड को टैग करने वाले पहले व्यक्ति बनें!
Thư viện lưu trữ: Trung tâm Học liệu Trường Đại học Cần Thơ
LEADER 00507nam a2200181Ia 4500
001 CTU_99043
008 210402s9999 xx 000 0 und d
082 |a 174 
082 |b B639 
100 |a Blanchard, Kenneth 
245 4 |a The power of ethical management 
245 0 |c Kenneth Blanchard, Norman Vincent Peale 
260 |a New York 
260 |b W. Morrow 
260 |c 1988 
650 |a Business ethics,Conduct of life 
904 |i M.Loan 
980 |a Trung tâm Học liệu Trường Đại học Cần Thơ